Loading...

Management concepts and thoughts

Bibliographic Details
Main Author: Rao, V S P
Other Authors: Narayana, P S
Format: Printed Book
Language:Undetermined
Published: New Delhi Konark Publishers 1987
LEADER 00527nam a2200145Ia 4500
008 161229s9999 xx 000 0 und d
082 |a 658 RAO/MA 
100 |a Rao, V S P 
245 |a Management concepts and thoughts 
260 |b Konark Publishers   |a New Delhi  |c 1987 
300 |a xii, 680 
700 |a Narayana, P S 
942 |c BK 
999 |c 152316  |d 152316 
952 |0 0  |1 0  |4 0  |6 658_000000000000000_RAOMA  |7 0  |9 151378  |a KAUCLV  |b KAUCLV  |d 2016-12-29  |o 658 RAO/MA  |p 903625  |r 2016-12-29  |w 2016-12-29  |y BK  |z Book transferred from CCBM Library ,Acc.No:1867